[Event "5th European Small Nations"]
[Site "Andorra la Vella"]
[Date "2017.11.15"]
[Round "5.3"]
[White "Villegas, Pierre"]
[Black "Vella, Duncan"]
[Result "0-1"]
[BlackElo "1989"]
[WhiteElo "2309"]
[LiveChessVersion "1.4.8"]

1. d4 {[%clk 1:30:55]} d5 {[%clk 1:30:49]} 2. c4 {[%clk 1:31:16]} c6
{[%clk 1:31:14]} 3. Nf3 {[%clk 1:31:42]} Nf6 {[%clk 1:31:29]} 4. e3
{[%clk 1:32:03]} Bf5 {[%clk 1:31:12]} 5. Nc3 {[%clk 1:32:17]} e6 {[%clk 1:31:15]}
6. Nh4 {[%clk 1:32:34]} Be4 {[%clk 1:28:23]} 7. f3 {[%clk 1:32:36]} Bg6
{[%clk 1:27:54]} 8. Qb3 {[%clk 1:32:51]} Qb6 {[%clk 1:26:24]} 9. Nxg6
{[%clk 1:32:45]} hxg6 {[%clk 1:26:33]} 10. g3 {[%clk 1:31:31]} Bd6 11. Kf2 Qc7
{[%clk 1:15:53]} 12. Kg2 {[%clk 1:27:07]} Nbd7 {[%clk 1:06:29]} 13. Qc2
{[%clk 1:13:55]} O-O-O {[%clk 0:58:23]} 14. c5 {[%clk 1:08:58]} Bxg3
{[%clk 0:52:32]} 15. hxg3 {[%clk 1:07:39]} Rxh1 {[%clk 0:52:49]} 16. Kxh1
{[%clk 1:08:07]} Qxg3 {[%clk 0:45:16]} 17. Qg2 {[%clk 1:07:19]} Qe1
{[%clk 0:41:05]} 18. Rb1 {[%clk 1:03:43]} Rh8+ {[%clk 0:37:23]} 19. Kg1
{[%clk 1:04:06]} e5 {[%clk 0:34:31]} 20. Bd2 {[%clk 0:58:36]} Qh4
{[%clk 0:34:47]} 21. dxe5 {[%clk 0:51:00]} Nxe5 {[%clk 0:34:43]} 22. Be2
{[%clk 0:50:48]} Nc4 {[%clk 0:22:38]} 23. Be1 {[%clk 0:47:42]} Qh5
{[%clk 0:18:05]} 24. Bf2 {[%clk 0:45:03]} Qe5 {[%clk 0:15:54]} 25. Nd1
{[%clk 0:36:44]} Qf5 {[%clk 0:10:25]} 26. Rc1 {[%clk 0:31:03]} Ne5
{[%clk 0:10:50]} 27. Bg3 {[%clk 0:30:39]} Rh5 {[%clk 0:08:15]} 28. Bxe5
{[%clk 0:30:22]} Rg5 {[%clk 0:08:41]} 29. f4 {[%clk 0:20:46]} Rxg2+
{[%clk 0:08:42]} 30. Kxg2 {[%clk 0:21:13]} Qe4+ {[%clk 0:06:51]} 31. Kg1
{[%clk 0:19:56]} Qb4 {[%clk 0:06:06]} 32. Bc3 {[%clk 0:16:12]} Qxc5
{[%clk 0:05:26]} 33. b4 {[%clk 0:14:58]} Qd6 {[%clk 0:04:55]} 34. a3
{[%clk 0:13:35]} Ne4 {[%clk 0:04:19]} 35. Be5 {[%clk 0:13:00]} Qe7
{[%clk 0:04:05]} 36. Bf3 {[%clk 0:13:01]} Nd2 {[%clk 0:04:09]} 37. Bxd5
{[%clk 0:11:17]} Qh4 {[%clk 0:03:35]} 38. Bg2 {[%clk 0:11:41]} Qe1+
{[%clk 0:03:31]} 39. Kh2 {[%clk 0:12:08]} Qh4+ {[%clk 0:03:42]} 40. Kg1
{[%clk 0:41:51]} Qe1+ {[%clk 0:33:36]} 41. Kh2 {[%clk 0:42:17]} Nf1+
{[%clk 0:28:25]} 42. Bxf1 {[%clk 0:42:27]} Qd2+ {[%clk 0:28:49]} 43. Be2
{[%clk 0:38:59]} Qxc1 {[%clk 0:23:20]} 44. Kg2 {[%clk 0:39:21]} Qxa3
{[%clk 0:22:38]} 45. Bc3 {[%clk 0:39:48]} Qb3 {[%clk 0:20:08]} 46. Kf2
{[%clk 0:39:52]} Kd7 {[%clk 0:19:12]} 47. Ke1 {[%clk 0:40:08]} Ke6
{[%clk 0:18:48]} 48. Kd2 {[%clk 0:40:06]} Qd5+ {[%clk 0:18:25]} 49. Bd3
{[%clk 0:38:36]} Qg2+ {[%clk 0:16:36]} 50. Ke1 {[%clk 0:38:57]} g5
{[%clk 0:16:26]} 51. fxg5 {[%clk 0:35:44]} Qxg5 {[%clk 0:16:40]} 52. Bd4
{[%clk 0:36:06]} b6 {[%clk 0:16:19]} 53. Nf2 {[%clk 0:36:21]} c5 {[%clk 0:14:06]}
54. bxc5 {[%clk 0:36:46]} bxc5 {[%clk 0:14:31]} 55. Bb2 {[%clk 0:37:04]} Qxe3+
{[%clk 0:14:41]} 56. Kf1 {[%clk 0:37:32]} g5 {[%clk 0:13:43]} 57. Bc4+
{[%clk 0:37:58]} Ke7 {[%clk 0:14:01]} 58. Bf6+ {[%clk 0:38:13]} Kf8
{[%clk 0:13:45]} 59. Be2 {[%clk 0:38:10]} c4 {[%clk 0:13:16]} 60. Bb2
{[%clk 0:37:47]} c3 {[%clk 0:12:57]} 61. Ba3+ {[%clk 0:38:15]} Kg7
{[%clk 0:13:05]} 62. Nd3 {[%clk 0:38:41]} a5 {[%clk 0:12:11]} 63. Bc1
{[%clk 0:38:46]} Qh3+ {[%clk 0:12:33]} 64. Kf2 {[%clk 0:38:53]} g4
{[%clk 0:12:14]} 65. Bf4 {[%clk 0:39:16]} Qh4+ {[%clk 0:11:00]} 66. Bg3
{[%clk 0:39:23]} Qf6+ {[%clk 0:11:16]} 67. Ke1 {[%clk 0:39:52]} Qc6
{[%clk 0:09:15]} 68. Kd1 {[%clk 0:37:29]} Qh1+ {[%clk 0:07:53]} 69. Ne1
{[%clk 0:37:16]} Qd5+ {[%clk 0:08:16]} 70. Nd3 {[%clk 0:37:05]} Qb3+
{[%clk 0:08:12]} 71. Kc1 {[%clk 0:37:34]} a4 {[%clk 0:07:08]} 72. Bd1
{[%clk 0:37:26]} Qc4 {[%clk 0:06:46]} 73. Kc2 {[%clk 0:37:27]} f6
{[%clk 0:06:54]} 74. Be1 {[%clk 0:37:40]} a3 {[%clk 0:06:32]} 75. Bxc3
{[%clk 0:37:57]} a2 {[%clk 0:06:44]} 0-1

[Event "5th European Small Nations"]
[Site "Andorra la Vella"]
[Date "2017.11.15"]
[Round "5.4"]
[White "Lauri, Joseph"]
[Black "Ribbegren, Karl Johan"]
[Result "0-1"]
[BlackElo "2252"]
[WhiteElo "2174"]
[LiveChessVersion "1.4.8"]

1. e4 {[%clk 1:30:58]} c5 {[%clk 1:30:55]} 2. d4 {[%clk 1:31:26]} cxd4
{[%clk 1:31:05]} 3. c3 {[%clk 1:31:55]} g6 {[%clk 1:30:40]} 4. cxd4
{[%clk 1:32:03]} d5 {[%clk 1:30:27]} 5. exd5 {[%clk 1:32:06]} Nf6
{[%clk 1:29:59]} 6. Bb5+ {[%clk 1:31:27]} Nbd7 {[%clk 1:28:48]} 7. Qf3
{[%clk 1:24:18]} Bg7 {[%clk 1:27:58]} 8. Ne2 {[%clk 1:20:53]} O-O 9. Nbc3
{[%clk 1:13:19]} a6 {[%clk 1:23:46]} 10. Bd3 {[%clk 1:10:32]} b5 11. d6
{[%clk 1:00:33]} Nb6 {[%clk 1:19:06]} 12. dxe7 {[%clk 1:00:10]} Qxe7
{[%clk 1:19:01]} 13. O-O {[%clk 0:57:33]} Bb7 14. Qg3 {[%clk 0:39:45]} b4
{[%clk 1:14:16]} 15. Nd1 {[%clk 0:39:00]} Rfe8 16. Bg5 {[%clk 0:39:00]} Qd7 17.
Bxf6 {[%clk 0:39:00]} Bxf6 18. Ne3 {[%clk 0:39:00]} Rad8 19. Rac1
{[%clk 0:39:00]} Nd5 20. Bc4 {[%clk 0:39:00]} Bg7 21. Rfd1 {[%clk 0:39:00]} Rc8
22. Bxd5 {[%clk 0:39:00]} Bxd5 23. Rxc8 {[%clk 0:39:00]} Rxc8 24. Nxd5
{[%clk 0:39:00]} Qxd5 25. Qd3 {[%clk 0:39:00]} Qxa2 26. h3 {[%clk 0:39:00]} Qxb2
27. Rd2 {[%clk 0:39:00]} Qa1+ 28. Kh2 {[%clk 0:39:00]} Rd8 29. Qc4
{[%clk 0:39:00]} Qe1 30. Qxb4 {[%clk 0:39:00]} Qxf2 31. Qa5 {[%clk 0:39:00]} Rd6
32. Qc5 {[%clk 0:39:00]} Bf8 33. Qc3 {[%clk 0:39:00]} Re6 34. Qf3
{[%clk 0:39:00]} Bd6+ 0-1

[Event "5th European Small Nations"]
[Site "Andorra la Vella"]
[Date "2017.11.15"]
[Round "5.5"]
[White "Ziska, Helgi Dam"]
[Black "Jouault, Louis"]
[Result "1-0"]
[BlackElo "1860"]
[WhiteElo "2543"]
[LiveChessVersion "1.4.8"]

1. e4 {[%clk 1:30:51]} Nf6 {[%clk 1:30:51]} 2. e5 {[%clk 1:30:45]} Nd5
{[%clk 1:31:14]} 3. d4 {[%clk 1:30:43]} e6 {[%clk 1:31:37]} 4. Nf3
{[%clk 1:30:11]} Be7 {[%clk 1:30:54]} 5. Bd3 {[%clk 1:17:38]} O-O
{[%clk 1:26:32]} 6. O-O {[%clk 1:13:27]} Nb4 {[%clk 1:23:06]} 7. Be2
{[%clk 1:11:41]} d5 {[%clk 1:22:51]} 8. c3 {[%clk 1:10:00]} N4c6 {[%clk 1:17:59]}
9. Bd3 {[%clk 1:06:43]} f5 {[%clk 1:15:38]} 10. exf6 {[%clk 1:06:48]} Bxf6
{[%clk 1:15:41]} 11. Re1 {[%clk 1:06:16]} Qe7 {[%clk 1:12:07]} 12. Qc2
{[%clk 0:55:10]} g6 {[%clk 1:10:41]} 13. Bh6 {[%clk 0:54:34]} Bg7
{[%clk 1:07:41]} 14. Bxg7 {[%clk 0:54:09]} Qxg7 {[%clk 1:07:58]} 15. Nbd2
{[%clk 0:52:52]} Qf6 {[%clk 1:05:54]} 16. Re2 {[%clk 0:49:37]} Nd8
{[%clk 1:04:03]} 17. Rae1 {[%clk 0:39:42]} Nbc6 {[%clk 1:01:51]} 18. Nf1
{[%clk 0:37:57]} Bd7 {[%clk 0:59:18]} 19. Ne3 {[%clk 0:37:36]} Kg7
{[%clk 0:54:46]} 20. Ng4 {[%clk 0:37:38]} Qf4 {[%clk 0:54:05]} 21. h3
{[%clk 0:36:16]} Nf7 {[%clk 0:52:19]} 22. Re3 {[%clk 0:33:10]} Rae8
{[%clk 0:50:20]} 23. Bb5 {[%clk 0:29:06]} Nh6 {[%clk 0:45:15]} 24. Bxc6
{[%clk 0:28:19]} bxc6 {[%clk 0:42:54]} 25. Nxh6 {[%clk 0:27:39]} Kxh6
{[%clk 0:41:25]} 26. Ne5 {[%clk 0:27:18]} Bc8 {[%clk 0:40:07]} 27. Rg3
{[%clk 0:25:51]} Qf5 {[%clk 0:35:54]} 28. Qd2+ {[%clk 0:25:44]} Qf4
{[%clk 0:35:01]} 29. Ree3 {[%clk 0:23:37]} Kg7 {[%clk 0:31:04]} 30. Nxc6
{[%clk 0:23:48]} a6 {[%clk 0:28:02]} 31. Ne5 {[%clk 0:24:03]} Rf5
{[%clk 0:27:19]} 32. Rgf3 {[%clk 0:19:58]} Qg5 {[%clk 0:24:59]} 33. Rxf5
{[%clk 0:18:00]} exf5 {[%clk 0:24:01]} 34. Nf3 {[%clk 0:17:38]} Qd8
{[%clk 0:23:16]} 35. Qe2 {[%clk 0:17:56]} Rxe3 {[%clk 0:22:14]} 36. Qxe3
{[%clk 0:18:20]} Qf6 {[%clk 0:21:03]} 37. Qe8 {[%clk 0:17:42]} Qe6
{[%clk 0:20:55]} 38. Qd8 {[%clk 0:17:38]} Qd7 {[%clk 0:20:56]} 39. Qh4
{[%clk 0:17:43]} h6 {[%clk 0:20:41]} 40. Ne5 {[%clk 0:47:20]} Qe6
{[%clk 0:46:34]} 41. Qd8 {[%clk 0:47:29]} f4 {[%clk 0:42:44]} 42. Qxc7+
{[%clk 0:47:40]} Kf6 {[%clk 0:42:42]} 43. h4 {[%clk 0:46:03]} Kf5
{[%clk 0:41:53]} 44. f3 {[%clk 0:46:15]} h5 {[%clk 0:41:29]} 45. Qd8
{[%clk 0:46:31]} 1-0

[Event "5th European Small Nations"]
[Site "Andorra la Vella"]
[Date "2017.11.15"]
[Round "5.6"]
[White "Wojciechowski, Paul"]
[Black "Nielsen, Hogni Egilstoft"]
[Result "0-1"]
[BlackElo "2354"]
[WhiteElo "1912"]
[LiveChessVersion "1.4.8"]

1. e4 {[%clk 1:30:57]} e5 {[%clk 1:29:23]} 2. Nc3 {[%clk 1:31:16]} Nf6
{[%clk 1:28:07]} 3. Bc4 {[%clk 1:31:33]} Nc6 {[%clk 1:26:56]} 4. d3
{[%clk 1:30:45]} Na5 {[%clk 1:26:46]} 5. Bb3 {[%clk 1:25:42]} Nxb3
{[%clk 1:27:08]} 6. axb3 {[%clk 1:26:04]} d6 {[%clk 1:15:44]} 7. f4
{[%clk 1:21:51]} exf4 {[%clk 1:11:51]} 8. Bxf4 {[%clk 1:21:43]} Be7
{[%clk 1:12:13]} 9. Nf3 {[%clk 1:16:32]} O-O {[%clk 1:07:15]} 10. O-O
{[%clk 1:14:37]} c6 {[%clk 1:03:47]} 11. Qd2 {[%clk 0:57:24]} d5 {[%clk 0:55:56]}
12. exd5 {[%clk 0:55:39]} Nxd5 {[%clk 0:54:17]} 13. Nxd5 {[%clk 0:53:48]} Qxd5
{[%clk 0:51:15]} 14. c4 {[%clk 0:42:55]} Qd8 {[%clk 0:44:19]} 15. d4
{[%clk 0:40:00]} Bg4 {[%clk 0:41:12]} 16. Qf2 {[%clk 0:28:08]} Bxf3
{[%clk 0:37:22]} 17. gxf3 {[%clk 0:28:14]} Qb6 {[%clk 0:36:58]} 18. Rfe1
{[%clk 0:21:45]} Bf6 {[%clk 0:35:13]} 19. Be5 {[%clk 0:21:59]} Bxe5
{[%clk 0:34:46]} 20. dxe5 {[%clk 0:18:58]} Qxb3 {[%clk 0:33:36]} 21. Rac1
{[%clk 0:18:27]} Rae8 {[%clk 0:29:20]} 22. Rc3 {[%clk 0:18:23]} Qb4
{[%clk 0:29:17]} 23. f4 {[%clk 0:15:56]} f6 {[%clk 0:23:51]} 24. exf6
{[%clk 0:13:42]} Rxe1+ {[%clk 0:23:29]} 25. Qxe1 {[%clk 0:14:08]} Rxf6
{[%clk 0:22:09]} 26. Qe8+ {[%clk 0:09:23]} Rf8 {[%clk 0:16:30]} 27. Qe6+
{[%clk 0:09:39]} Kh8 {[%clk 0:15:55]} 28. Rd3 {[%clk 0:05:51]} Qxb2
{[%clk 0:10:46]} 29. Qe7 {[%clk 0:02:52]} Qc1+ {[%clk 0:10:52]} 30. Kg2
{[%clk 0:03:14]} Qxf4 {[%clk 0:10:56]} 31. Rd8 {[%clk 0:02:12]} Qf3+
{[%clk 0:11:15]} 0-1

[Event "5th European Small Nations"]
[Site "Andorra la Vella"]
[Date "2017.11.15"]
[Round "5.7"]
[White "Nielsen, Rogvi Egilstoft"]
[Black "Mooney, Graham"]
[Result "0-1"]
[BlackElo "1864"]
[WhiteElo "2340"]
[LiveChessVersion "1.4.8"]

1. e4 {[%clk 1:29:03]} c5 {[%clk 1:30:48]} 2. c3 {[%clk 1:29:08]} e6
{[%clk 1:29:26]} 3. d4 {[%clk 1:28:46]} d5 {[%clk 1:29:21]} 4. exd5
{[%clk 1:29:08]} Qxd5 {[%clk 1:29:30]} 5. Nf3 {[%clk 1:29:10]} Nc6
{[%clk 1:28:52]} 6. Be3 {[%clk 1:27:59]} cxd4 {[%clk 1:25:56]} 7. cxd4
{[%clk 1:28:21]} Bb4+ {[%clk 1:24:14]} 8. Nc3 {[%clk 1:28:23]} Nge7
{[%clk 1:23:57]} 9. Bd3 {[%clk 1:26:22]} e5 {[%clk 1:11:52]} 10. dxe5
{[%clk 1:24:30]} Bg4 {[%clk 1:07:22]} 11. Be2 {[%clk 1:20:53]} Bxf3
{[%clk 1:04:24]} 12. Bxf3 {[%clk 1:20:46]} Qxe5 {[%clk 1:04:14]} 13. O-O
{[%clk 1:17:20]} O-O {[%clk 1:02:21]} 14. Qb3 {[%clk 1:14:20]} Bd6
{[%clk 0:55:04]} 15. g3 {[%clk 1:14:35]} Nf5 {[%clk 0:46:57]} 16. Rfe1
{[%clk 1:03:33]} Nfd4 {[%clk 0:37:15]} 17. Bxd4 {[%clk 1:01:53]} Nxd4
{[%clk 0:37:03]} 18. Qd1 {[%clk 1:01:00]} Qxe1+ {[%clk 0:37:11]} 19. Qxe1
{[%clk 1:01:23]} Nxf3+ {[%clk 0:37:36]} 20. Kg2 {[%clk 1:01:11]} Nxe1+
{[%clk 0:37:58]} 21. Rxe1 {[%clk 1:01:38]} Bb4 {[%clk 0:38:15]} 22. Re4
{[%clk 1:02:02]} Bxc3 {[%clk 0:38:36]} 23. bxc3 {[%clk 1:02:28]} Rfe8
{[%clk 0:38:52]} 24. Rb4 {[%clk 1:02:50]} b6 {[%clk 0:39:10]} 25. Kf3
{[%clk 1:03:10]} h6 {[%clk 0:37:30]} 26. a4 {[%clk 1:03:25]} Rac8
{[%clk 0:37:50]} 27. c4 {[%clk 1:03:49]} Re6 {[%clk 0:38:05]} 28. a5
{[%clk 1:04:07]} bxa5 {[%clk 0:38:16]} 29. Ra4 {[%clk 1:04:29]} Re5
{[%clk 0:38:20]} 30. Kf4 {[%clk 1:04:43]} Rec5 {[%clk 0:38:41]} 31. Ke3
{[%clk 1:05:07]} Rxc4 {[%clk 0:38:41]} 32. Rxa5 {[%clk 1:05:28]} R8c7
{[%clk 0:38:49]} 33. f4 {[%clk 1:05:29]} Rc2 {[%clk 0:38:10]} 34. h4
{[%clk 1:05:41]} R2c3+ {[%clk 0:38:24]} 35. Kf2 {[%clk 1:06:02]} Rb3
{[%clk 0:38:43]} 0-1

[Event "5th European Small Nations"]
[Site "Andorra la Vella"]
[Date "2017.11.15"]
[Round "5.8"]
[White "Kahn, Tito"]
[Black "Eydsteinsson, Silas"]
[Result "1/2-1/2"]
[BlackElo "2059"]
[WhiteElo "1869"]
[LiveChessVersion "1.4.8"]

1. Nf3 {[%clk 1:30:50]} f5 {[%clk 1:29:05]} 2. d4 {[%clk 1:31:09]} Nf6
{[%clk 1:29:23]} 3. c4 {[%clk 1:29:53]} d6 {[%clk 1:28:49]} 4. Nc3
{[%clk 1:29:54]} g6 {[%clk 1:28:56]} 5. g3 {[%clk 1:23:54]} Bg7 {[%clk 1:29:10]}
6. Bg2 {[%clk 1:24:18]} O-O {[%clk 1:29:22]} 7. Bg5 {[%clk 1:22:59]} Qe8
{[%clk 1:22:37]} 8. Bxf6 {[%clk 1:16:12]} Bxf6 {[%clk 1:22:27]} 9. Nd5
{[%clk 1:16:22]} Na6 {[%clk 1:20:36]} 10. Nxf6+ {[%clk 1:16:05]} Rxf6
{[%clk 1:20:49]} 11. d5 {[%clk 0:50:00]} c5 {[%clk 1:04:59]} 12. O-O
{[%clk 0:38:04]} b5 {[%clk 0:53:33]} 13. b3 {[%clk 0:33:37]} Rb8 14. cxb5
{[%clk 0:30:32]} Rxb5 {[%clk 0:45:28]} 15. Qd2 {[%clk 0:26:06]} Nc7 16. Qh6
{[%clk 0:26:24]} Qf8 {[%clk 0:35:10]} 17. Qxf8+ {[%clk 0:26:50]} Kxf8 18. Ng5 Kg7
{[%clk 0:35:16]} 19. h4 {[%clk 0:27:14]} Bb7 {[%clk 0:32:52]} 20. Rad1
{[%clk 0:25:31]} Rb6 {[%clk 0:23:26]} 21. Nh3 {[%clk 0:19:54]} Nb5
{[%clk 0:21:34]} 22. Rd2 {[%clk 0:19:29]} Rf8 {[%clk 0:18:37]} 23. Rc1
{[%clk 0:19:39]} Ra8 {[%clk 0:18:24]} 24. Nf4 {[%clk 0:19:50]} Bc8
{[%clk 0:17:33]} 25. e3 {[%clk 0:18:23]} a5 {[%clk 0:17:23]} 26. Bf1
{[%clk 0:16:41]} Nc7 {[%clk 0:15:30]} 27. Bc4 {[%clk 0:13:51]} a4
{[%clk 0:11:34]} 28. Kf1 {[%clk 0:10:52]} Ba6 {[%clk 0:09:00]} 29. bxa4
{[%clk 0:09:35]} Rb4 {[%clk 0:08:48]} 30. Bxa6 {[%clk 0:09:07]} Rxa6
{[%clk 0:08:32]} 31. Rcc2 {[%clk 0:08:24]} Rbxa4 {[%clk 0:08:05]} 32. Rb2
{[%clk 0:08:36]} Ra7 {[%clk 0:07:31]} 33. Ke2 {[%clk 0:08:30]} Na6
{[%clk 0:07:17]} 34. f3 {[%clk 0:03:41]} Nb4 {[%clk 0:07:03]} 35. g4
{[%clk 0:03:57]} fxg4 {[%clk 0:06:30]} 36. fxg4 {[%clk 0:04:20]} Nxa2
{[%clk 0:04:36]} 37. Rb8 {[%clk 0:04:32]} Ra8 {[%clk 0:04:30]} 38. Rxa8
{[%clk 0:03:57]} Rxa8 {[%clk 0:04:52]} 39. h5 {[%clk 0:03:32]} Nb4
{[%clk 0:04:01]} 40. hxg6 {[%clk 0:33:53]} hxg6 {[%clk 0:34:23]} 41. g5
{[%clk 0:34:05]} Ra2 {[%clk 0:32:59]} 42. Rxa2 {[%clk 0:32:44]} Nxa2
{[%clk 0:33:10]} 43. Kd3 {[%clk 0:30:35]} Nb4+ {[%clk 0:33:05]} 44. Kc4
{[%clk 0:30:56]} Kf7 {[%clk 0:30:09]} 45. Ne6 {[%clk 0:28:45]} Nc2
{[%clk 0:28:37]} 46. Kd3 {[%clk 0:28:14]} Na3 {[%clk 0:26:34]} 47. Nc7
{[%clk 0:26:02]} Kf8 {[%clk 0:24:01]} 48. Kc3 {[%clk 0:26:04]} Kf7
{[%clk 0:24:12]} 1/2-1/2

[Event "5th European Small Nations"]
[Site "Andorra la Vella"]
[Date "2017.11.15"]
[Round "5.1"]
[White "Antoniou, Antonis"]
[Black "Mannhart, Marcel"]
[Result "1/2-1/2"]
[BlackElo "2123"]
[WhiteElo "2164"]
[LiveChessVersion "1.4.8"]

1. e4 {[%clk 1:30:58]} c5 {[%clk 1:30:48]} 2. Nf3 {[%clk 1:31:21]} g6
{[%clk 1:31:02]} 3. c4 {[%clk 1:30:03]} Bg7 {[%clk 1:30:55]} 4. d4
{[%clk 1:30:29]} cxd4 {[%clk 1:31:12]} 5. Nxd4 {[%clk 1:30:57]} Nc6
{[%clk 1:31:28]} 6. Be3 {[%clk 1:31:22]} Nf6 {[%clk 1:31:15]} 7. Nc3
{[%clk 1:31:49]} O-O {[%clk 1:31:21]} 8. Be2 {[%clk 1:31:47]} d6 {[%clk 1:31:04]}
9. O-O {[%clk 1:32:10]} Bd7 {[%clk 1:29:51]} 10. Qd2 {[%clk 1:27:29]} Nxd4
{[%clk 1:26:14]} 11. Bxd4 {[%clk 1:27:56]} Bc6 {[%clk 1:26:34]} 12. f3
{[%clk 1:25:32]} a5 {[%clk 1:16:49]} 13. b3 {[%clk 1:18:46]} Nd7 {[%clk 1:16:05]}
14. Be3 {[%clk 1:13:41]} Nc5 {[%clk 1:16:05]} 15. Rab1 {[%clk 1:13:07]} e6
{[%clk 1:11:05]} 16. Rfd1 {[%clk 0:56:53]} Be5 {[%clk 1:09:13]} 17. Bf1
{[%clk 0:52:48]} Qe7 {[%clk 1:03:55]} 18. Ne2 {[%clk 0:38:23]} Rfd8
{[%clk 0:52:18]} 19. Nd4 {[%clk 0:37:50]} Be8 {[%clk 0:50:51]} 20. Qf2
{[%clk 0:37:40]} f5 {[%clk 0:50:07]} 21. exf5 {[%clk 0:35:19]} gxf5
{[%clk 0:50:05]} 22. Ne2 {[%clk 0:24:31]} Bc6 {[%clk 0:40:48]} 23. Nf4
{[%clk 0:20:43]} Qf6 {[%clk 0:30:07]} 24. Nd3 {[%clk 0:20:42]} Nxd3
{[%clk 0:30:17]} 25. Rxd3 {[%clk 0:20:37]} f4 {[%clk 0:30:16]} 26. Bb6
{[%clk 0:19:20]} Rd7 {[%clk 0:28:40]} 27. Rbd1 {[%clk 0:14:53]} d5
{[%clk 0:24:23]} 28. Qd2 {[%clk 0:10:14]} Bc7 {[%clk 0:18:44]} 29. Bxc7
{[%clk 0:06:05]} Rxc7 {[%clk 0:19:03]} 30. cxd5 {[%clk 0:06:32]} exd5
{[%clk 0:18:42]} 31. Rd4 {[%clk 0:06:16]} Rf7 {[%clk 0:19:06]} 1/2-1/2

[Event "5th European Small Nations"]
[Site "Andorra la Vella"]
[Date "2017.11.15"]
[Round "5.2"]
[White "Frick, Renato"]
[Black "Constantinou, Pavlos"]
[Result "0-1"]
[BlackElo "2057"]
[WhiteElo "1997"]
[LiveChessVersion "1.4.8"]

1. e4 {[%clk 1:30:56]} c5 {[%clk 1:30:45]} 2. Nf3 {[%clk 1:31:19]} Nc6
{[%clk 1:31:09]} 3. d4 {[%clk 1:31:42]} cxd4 {[%clk 1:31:36]} 4. Nxd4
{[%clk 1:32:07]} g6 {[%clk 1:32:00]} 5. Nc3 {[%clk 1:31:47]} Bg7 {[%clk 1:32:23]}
6. Be3 {[%clk 1:32:11]} Nf6 {[%clk 1:32:35]} 7. Bc4 {[%clk 1:31:38]} O-O
{[%clk 1:33:00]} 8. Bb3 {[%clk 1:32:03]} a5 {[%clk 1:32:13]} 9. f3
{[%clk 1:27:30]} d5 {[%clk 1:31:19]} 10. Bxd5 {[%clk 1:10:50]} Nxd5
{[%clk 1:31:42]} 11. Nxd5 {[%clk 1:10:35]} f5 {[%clk 1:27:56]} 12. Nxc6
{[%clk 0:53:46]} bxc6 {[%clk 1:28:06]} 13. Nb6 {[%clk 0:52:25]} Rb8
{[%clk 1:24:59]} 14. Qxd8 {[%clk 0:49:38]} Rxd8 {[%clk 1:25:27]} 15. Nxc8
{[%clk 0:43:45]} Rdxc8 {[%clk 1:25:37]} 16. O-O {[%clk 0:43:17]} Rxb2
{[%clk 1:25:32]} 17. exf5 {[%clk 0:41:55]} Rxc2 {[%clk 1:24:45]} 18. Rac1
{[%clk 0:42:05]} Rxa2 {[%clk 1:25:05]} 19. fxg6 {[%clk 0:42:12]} hxg6
{[%clk 1:25:33]} 20. Bc5 {[%clk 0:42:20]} Kf7 {[%clk 1:23:52]} 21. Rf2
{[%clk 0:41:07]} Rxf2 {[%clk 1:21:51]} 22. Kxf2 {[%clk 0:41:35]} Rb8
{[%clk 1:20:00]} 23. Be3 {[%clk 0:41:48]} a4 {[%clk 1:19:23]} 24. Rc4
{[%clk 0:37:04]} Rb2+ {[%clk 1:16:31]} 25. Kg3 {[%clk 0:36:50]} a3
{[%clk 1:16:53]} 26. Bd4 {[%clk 0:35:16]} Bxd4 {[%clk 1:17:16]} 27. Rxd4
{[%clk 0:35:38]} a2 {[%clk 1:17:36]} 28. Ra4 {[%clk 0:35:55]} c5 {[%clk 1:17:41]}
0-1

[Event "5th European Small Nations"]
[Site "Andorra la Vella"]
[Date "2017.11.15"]
[Round "5.3"]
[White "Michaelides, Konstantinos"]
[Black "Iclicki, Willy"]
[Result "1/2-1/2"]
[BlackElo "1968"]
[WhiteElo "2041"]
[LiveChessVersion "1.4.8"]

1. e4 {[%clk 1:30:55]} c6 {[%clk 1:30:53]} 2. d4 {[%clk 1:31:19]} d5
{[%clk 1:31:12]} 3. Nc3 {[%clk 1:31:44]} dxe4 {[%clk 1:31:29]} 4. Nxe4
{[%clk 1:32:08]} Bf5 {[%clk 1:31:45]} 5. Ng3 {[%clk 1:32:31]} Bg6
{[%clk 1:32:08]} 6. h4 {[%clk 1:32:54]} h6 {[%clk 1:32:27]} 7. Nf3
{[%clk 1:33:18]} Nd7 {[%clk 1:32:32]} 8. Bd3 {[%clk 1:33:39]} Bxd3
{[%clk 1:32:27]} 9. Qxd3 {[%clk 1:34:03]} e6 {[%clk 1:30:49]} 10. Bd2
{[%clk 1:34:24]} Ngf6 {[%clk 1:30:54]} 11. O-O-O {[%clk 1:34:23]} Qc7
{[%clk 1:30:19]} 12. Qe2 {[%clk 1:34:31]} O-O-O {[%clk 1:22:52]} 13. Kb1
{[%clk 1:32:37]} Bd6 {[%clk 1:22:11]} 14. Ne4 {[%clk 1:32:03]} Nxe4
{[%clk 1:22:23]} 15. Qxe4 {[%clk 1:32:27]} Nf6 {[%clk 1:22:37]} 16. Qe2
{[%clk 1:32:07]} Rhe8 {[%clk 1:17:40]} 17. Rhe1 {[%clk 1:27:08]} Re7
{[%clk 1:09:24]} 18. c4 {[%clk 1:21:59]} c5 {[%clk 1:07:55]} 19. Bc3
{[%clk 1:16:47]} cxd4 {[%clk 1:06:25]} 20. Nxd4 {[%clk 1:16:25]} a6
{[%clk 0:54:54]} 21. Nb3 {[%clk 1:05:53]} Qc6 {[%clk 0:45:05]} 22. g4
{[%clk 0:51:56]} Bc7 {[%clk 0:37:23]} 23. Rxd8+ {[%clk 0:46:55]} Bxd8
{[%clk 0:34:13]} 24. Bxf6 {[%clk 0:39:01]} gxf6 {[%clk 0:34:28]} 25. Rd1
{[%clk 0:38:15]} Rd7 {[%clk 0:29:06]} 26. Rxd7 {[%clk 0:36:54]} Kxd7
{[%clk 0:26:31]} 27. h5 {[%clk 0:35:46]} Bb6 {[%clk 0:15:10]} 28. Nd2
{[%clk 0:22:33]} Bd4 {[%clk 0:10:52]} 29. Qd3 {[%clk 0:18:29]} e5
{[%clk 0:02:34]} 30. Ne4 {[%clk 0:16:59]} Qb6 {[%clk 0:02:20]} 31. b3
{[%clk 0:16:03]} Ke7 {[%clk 0:02:40]} 32. f3 {[%clk 0:10:05]} Qb4
{[%clk 0:02:42]} 33. Qe2 {[%clk 0:07:55]} a5 {[%clk 0:02:52]} 34. Ng3
{[%clk 0:01:05]} Kf8 {[%clk 0:01:35]} 35. Kc2 {[%clk 0:00:32]} Qc3+
{[%clk 0:01:58]} 36. Kb1 {[%clk 0:00:32]} Qa1+ {[%clk 0:02:00]} 37. Kc2
{[%clk 0:01:01]} Qc3+ {[%clk 0:01:42]} 38. Kb1 {[%clk 0:00:48]} Qa1+
{[%clk 0:01:46]} 39. Kc1 1/2-1/2